000
00408nam a22001697a 4500
003
MPLRDC
005
20220104142928.0
008
210129b ||||| |||| 00| 0 eng d
082
_a
307 LYQ v.2
100
_a
李元庆编译
245
_a
科学文粹. 第二集
_c
250
_a
再版
260
_a
_b
大中国图书公司
_c
1962
300
_b
平
650
_a
科学杂论
942
_c
BK
_o
307 LYQ v.2
999
_c
34981
_d
34971